000 00498nam a2200157 i 4500
001 32887
003 ES-MaACL
005 20230906154645.0
007 t|
008 030131s1924 sp ||||1| spa d
100 1 _aBermúdez Cañete, Antonio.
_928134
245 1 3 _aLa decadencia económica de España en el siglo XVI
_b: ensayo de una interpretación /
_cAntonio Bermúdez Cañete.
260 _aCórdoba :
_bLa Comercial,
_c1924.
300 _aIX, 12 p. ;
_c23 cm.
852 _aES-MaACL
_j1709-F-2
999 _c32887
_d32887